书目信息 |
| 题名: |
建筑与虚无主义
|
|
| 作者: | 卡奇亚里 著 ;杨文默 译 | |
| 分册: | ||
| 出版信息: | 南宁 广西人民出版社 2020.01 |
|
| 页数: | 316页 | |
| 开本: | 21cm | |
| 丛书名: | ||
| 单 册: | ||
| 中图分类: | TU-021 | |
| 科图分类: | ||
| 主题词: | 建筑哲学--jian zhu zhe xue | |
| 电子资源: | ||
| ISBN: | 978-7-219-10906-9 | |
| 000 | 01181nam0 2200277 450 | |
| 001 | 2064456518 | |
| 005 | 20201107175428.85 | |
| 010 | @a978-7-219-10906-9@dCNY58.00 | |
| 100 | @a20200311d2020 em y0chiy50 ea | |
| 101 | 1 | @achi@cita |
| 102 | @aCN@b450000 | |
| 105 | @aa a 000yy | |
| 200 | 1 | @a建筑与虚无主义@Ajian zhu yu xu wu zhu yi@e论现代建筑的哲学@f(意) 马西莫·卡奇亚里著@g杨文默译 |
| 210 | @a南宁@c广西人民出版社@d2020.01 | |
| 215 | @a316页@c图@d21cm | |
| 312 | @a英文题名取自封面 | |
| 320 | @a有书目 | |
| 330 | @a本书以作者对现代建筑与城市的大量研究为基础, 集中展现了卡奇亚里对当代建筑哲学的思考和探索, 审视现代人在大都市环境下的生存方式。本书以作者对现代建筑与城市的大量研究为基础, 集中展现了卡奇亚里对当代建筑哲学的思考和探索, 审视现代人在大都市环境下的生存方式。 | |
| 510 | 1 | @aArchitecture and nihilism@eon the philosophy of modern architecture@zeng |
| 517 | 1 | @a论现代建筑的哲学@Alun xian dai jian zhu de zhe xue |
| 606 | 0 | @a建筑哲学@Ajian zhu zhe xue |
| 690 | @aTU-021@v5 | |
| 701 | 1 | @a卡奇亚里@Aka qi ya li@g(Cacciari, Massimo),@f1944-@4著 |
| 702 | 0 | @a杨文默@Ayang wen mo@4译 |
| 801 | 0 | @aCN@b人天书店@c20201015 |
| 905 | @aZUCC@dTU-021@eK088 | |
| 建筑与虚无主义:论现代建筑的哲学/(意) 马西莫·卡奇亚里著/杨文默译.-南宁:广西人民出版社,2020.01 |
| 316页:图;21cm |
| ISBN 978-7-219-10906-9:CNY58.00 |
| 本书以作者对现代建筑与城市的大量研究为基础, 集中展现了卡奇亚里对当代建筑哲学的思考和探索, 审视现代人在大都市环境下的生存方式。本书以作者对现代建筑与城市的大量研究为基础, 集中展现了卡奇亚里对当代建筑哲学的思考和探索, 审视现代人在大都市环境下的生存方式。 |
| ● |
| 相关链接 |
|
|
|
正题名:建筑与虚无主义
索取号:TU-021/K088
 
预约/预借
| 序号 | 登录号 | 条形码 | 馆藏地/架位号 | 状态 | 备注 |
| 1 | 1486632 | 214866322 | 建筑库101/101建筑库 3排1列3层/ [索取号:TU-021/K088] | 在馆 | |
| 2 | 1486633 | 214866331 | 建筑库101/101建筑库 3排1列3层/ [索取号:TU-021/K088] | 在馆 |